<?xml version="1.0" encoding="UTF-8"?>
<record
    xmlns:xsi="http://www.w3.org/2001/XMLSchema-instance"
    xsi:schemaLocation="http://www.loc.gov/MARC21/slim http://www.loc.gov/standards/marcxml/schema/MARC21slim.xsd"
    xmlns="http://www.loc.gov/MARC21/slim">

  <leader>01698nam a2200241Ia 4500</leader>
  <datafield tag="952" ind1=" " ind2=" ">
    <subfield code="0">0</subfield>
    <subfield code="1">0</subfield>
    <subfield code="2">lcc</subfield>
    <subfield code="4">0</subfield>
    <subfield code="7">0</subfield>
    <subfield code="a">04</subfield>
    <subfield code="b">04</subfield>
    <subfield code="d">2007-06-06</subfield>
    <subfield code="l">13</subfield>
    <subfield code="m">1</subfield>
    <subfield code="o">KGF1789 B85 2003 v.2</subfield>
    <subfield code="p">04 000606</subfield>
    <subfield code="r">2017-05-09</subfield>
    <subfield code="s">2017-05-08</subfield>
    <subfield code="t">1</subfield>
    <subfield code="w">2012-06-24</subfield>
    <subfield code="y">LB</subfield>
  </datafield>
  <datafield tag="952" ind1=" " ind2=" ">
    <subfield code="0">0</subfield>
    <subfield code="1">0</subfield>
    <subfield code="4">0</subfield>
    <subfield code="7">0</subfield>
    <subfield code="a">04</subfield>
    <subfield code="b">04</subfield>
    <subfield code="d">2008-05-19</subfield>
    <subfield code="l">13</subfield>
    <subfield code="m">3</subfield>
    <subfield code="o">KGF1789 B85 2003 v.2</subfield>
    <subfield code="p">04 000607</subfield>
    <subfield code="r">2018-02-19</subfield>
    <subfield code="s">2018-02-19</subfield>
    <subfield code="t">2</subfield>
    <subfield code="w">2012-06-24</subfield>
    <subfield code="y">LB</subfield>
  </datafield>
  <datafield tag="952" ind1=" " ind2=" ">
    <subfield code="0">0</subfield>
    <subfield code="1">0</subfield>
    <subfield code="2">lcc</subfield>
    <subfield code="4">0</subfield>
    <subfield code="7">0</subfield>
    <subfield code="a">03</subfield>
    <subfield code="b">03</subfield>
    <subfield code="d">2001-05-15</subfield>
    <subfield code="l">2</subfield>
    <subfield code="o">KGF1789 B85 2000</subfield>
    <subfield code="p">03 002616</subfield>
    <subfield code="r">2016-05-18</subfield>
    <subfield code="s">2016-05-18</subfield>
    <subfield code="t">1</subfield>
    <subfield code="w">2012-07-20</subfield>
    <subfield code="y">LB</subfield>
  </datafield>
  <datafield tag="952" ind1=" " ind2=" ">
    <subfield code="0">0</subfield>
    <subfield code="1">0</subfield>
    <subfield code="2">lcc</subfield>
    <subfield code="4">0</subfield>
    <subfield code="7">0</subfield>
    <subfield code="a">03</subfield>
    <subfield code="b">03</subfield>
    <subfield code="d">2001-05-15</subfield>
    <subfield code="l">10</subfield>
    <subfield code="o">KGF1789 B85 2000</subfield>
    <subfield code="p">03 002617</subfield>
    <subfield code="r">2019-04-29</subfield>
    <subfield code="s">2019-04-29</subfield>
    <subfield code="t">2</subfield>
    <subfield code="w">2012-07-20</subfield>
    <subfield code="y">LB</subfield>
  </datafield>
  <datafield tag="952" ind1=" " ind2=" ">
    <subfield code="0">0</subfield>
    <subfield code="1">0</subfield>
    <subfield code="2">lcc</subfield>
    <subfield code="4">0</subfield>
    <subfield code="7">0</subfield>
    <subfield code="a">03</subfield>
    <subfield code="b">03</subfield>
    <subfield code="d">2001-05-15</subfield>
    <subfield code="l">11</subfield>
    <subfield code="o">KGF1789 B85 2000</subfield>
    <subfield code="p">03 002709</subfield>
    <subfield code="r">2017-03-08</subfield>
    <subfield code="s">2017-03-08</subfield>
    <subfield code="t">3</subfield>
    <subfield code="w">2012-07-20</subfield>
    <subfield code="y">LB</subfield>
  </datafield>
  <datafield tag="952" ind1=" " ind2=" ">
    <subfield code="0">0</subfield>
    <subfield code="1">0</subfield>
    <subfield code="2">lcc</subfield>
    <subfield code="4">0</subfield>
    <subfield code="7">0</subfield>
    <subfield code="a">03</subfield>
    <subfield code="b">03</subfield>
    <subfield code="d">2001-05-15</subfield>
    <subfield code="l">6</subfield>
    <subfield code="o">KGF1789 B85 2000</subfield>
    <subfield code="p">03 002710</subfield>
    <subfield code="r">2018-02-22</subfield>
    <subfield code="s">2018-02-22</subfield>
    <subfield code="t">4</subfield>
    <subfield code="w">2012-07-20</subfield>
    <subfield code="y">LB</subfield>
  </datafield>
  <datafield tag="952" ind1=" " ind2=" ">
    <subfield code="0">0</subfield>
    <subfield code="1">0</subfield>
    <subfield code="4">0</subfield>
    <subfield code="7">0</subfield>
    <subfield code="a">01</subfield>
    <subfield code="b">01</subfield>
    <subfield code="d">2019-02-25</subfield>
    <subfield code="l">1</subfield>
    <subfield code="o">344.01 B928d 2003 v.2</subfield>
    <subfield code="p">01 011211</subfield>
    <subfield code="r">2020-02-04</subfield>
    <subfield code="s">2020-02-04</subfield>
    <subfield code="t">1</subfield>
    <subfield code="w">2019-02-25</subfield>
    <subfield code="y">LB</subfield>
  </datafield>
  <datafield tag="952" ind1=" " ind2=" ">
    <subfield code="0">0</subfield>
    <subfield code="1">0</subfield>
    <subfield code="4">0</subfield>
    <subfield code="7">0</subfield>
    <subfield code="a">01</subfield>
    <subfield code="b">01</subfield>
    <subfield code="d">2019-02-25</subfield>
    <subfield code="l">0</subfield>
    <subfield code="o">344.01 B928d 2003 v.2</subfield>
    <subfield code="p">01 011213</subfield>
    <subfield code="r">2019-02-25</subfield>
    <subfield code="t">2</subfield>
    <subfield code="w">2019-02-25</subfield>
    <subfield code="y">LB</subfield>
  </datafield>
  <datafield tag="999" ind1=" " ind2=" ">
    <subfield code="c">78698</subfield>
    <subfield code="d">78698</subfield>
  </datafield>
  <controlfield tag="005">20231102151241.0</controlfield>
  <controlfield tag="008">120720s19762003mx      r     000 0 spa d</controlfield>
  <datafield tag="020" ind1=" " ind2=" ">
    <subfield code="a">9700734315</subfield>
  </datafield>
  <datafield tag="050" ind1=" " ind2="4">
    <subfield code="a">KGF1789</subfield>
    <subfield code="b">B85 2003 v.2</subfield>
  </datafield>
  <datafield tag="082" ind1=" " ind2="4">
    <subfield code="a">344.01</subfield>
    <subfield code="b">B928d 2003 v.2</subfield>
  </datafield>
  <datafield tag="100" ind1="1" ind2="0">
    <subfield code="a">Buen Lozano, N&#xE9;stor de</subfield>
    <subfield code="e">autor</subfield>
  </datafield>
  <datafield tag="245" ind1="1" ind2="0">
    <subfield code="a">Derecho del Trabajo</subfield>
    <subfield code="b">: Tomo segundo : derecho individual : derecho colectivo</subfield>
    <subfield code="c"> / N&#xE9;stor de Buen Lozano</subfield>
  </datafield>
  <datafield tag="250" ind1=" " ind2=" ">
    <subfield code="a">17a. edici&#xF3;n actualizada</subfield>
  </datafield>
  <datafield tag="260" ind1="3" ind2=" ">
    <subfield code="a">M&#xE9;xico</subfield>
    <subfield code="b"> : Porr&#xFA;a</subfield>
    <subfield code="c">, 2003</subfield>
  </datafield>
  <datafield tag="300" ind1=" " ind2=" ">
    <subfield code="a">931 p&#xE1;ginas</subfield>
  </datafield>
  <datafield tag="505" ind1="1" ind2=" ">
    <subfield code="a">Derecho individual del trabajo
La relaci&#xF3;n individual del trabajo
Despido - terminaci&#xF3;n del contrato - retiro 
Las condiciones de trabajo 
Jornada de trabajo - d&#xED;as de descanso, vacaciones y licencias 
Salario 
Capacitaci&#xF3;n y adiestramiento 
Obligaciones
El trabajo de las mujeres y de los menores
Los trabajos especiales - confianza - buques - astron&#xE1;uticas -ferrocarrilero - autotransporte - servicio p&#xFA;blico - campo - agentes de comercio - deportistas - actores y m&#xFA;sicos - dom&#xE9;sticos - hoteles y restaurantes - universitarios - bancarios  
Derecho colectivo del trabajo
El derecho de asociaci&#xF3;n profesional
Teor&#xED;a del sindicalismo obrero
Derecho sindical
Contrato colectivo de trabajo
Reglamento interior de trabajo
La afectaci&#xF3;n colectiva de las relaciones de trabajo
El derecho de huelga </subfield>
  </datafield>
  <datafield tag="519" ind1=" " ind2=" ">
    <subfield code="a">Plan Flexible / </subfield>
    <subfield code="b">Derecho / </subfield>
    <subfield code="c">Derecho del Trabajo II (P16-1) / </subfield>
    <subfield code="d">(03 002616) </subfield>
  </datafield>
  <datafield tag="519" ind1=" " ind2=" ">
    <subfield code="a">Material Complementario /</subfield>
    <subfield code="d">(01 011211, 01 011213)</subfield>
  </datafield>
  <datafield tag="519" ind1=" " ind2=" ">
    <subfield code="a">Material Complementario /</subfield>
    <subfield code="d">(03 002617, 03 002709, 03 002710) </subfield>
  </datafield>
  <datafield tag="519" ind1=" " ind2=" ">
    <subfield code="a">Material Complementario /</subfield>
    <subfield code="d">(04 000606)</subfield>
  </datafield>
  <datafield tag="650" ind1="1" ind2="4">
    <subfield code="a">DERECHO LABORAL</subfield>
    <subfield code="z">M&#xC9;XICO</subfield>
  </datafield>
  <datafield tag="942" ind1=" " ind2=" ">
    <subfield code="c">LB</subfield>
  </datafield>
</record>
